Antonii Genuensis, in Regia Neapolitana Academia Philosophiae Professoris (Record no. 8185)
[ view plain ]
| 000 -CABECERA | |
|---|---|
| campo de control de longitud fija | 01017nam a2200265 a 4500 |
| 001 - NÚMERO DE CONTROL | |
| campo de control | BRCA_8519 |
| 003 - IDENTIFICADOR DEL NÚMERO DE CONTROL | |
| campo de control | FranzMayer |
| 005 - FECHA Y HORA DE LA ÚLTIMA TRANSACCIÓN | |
| campo de control | 20230724113238.0 |
| 008 - DATOS DE LONGITUD FIJA--INFORMACIÓN GENERAL | |
| campo de control de longitud fija | 060916s1776----ag-#######---#000-0#lat-# |
| 040 ## - FUENTE DE LA CATALOGACIÓN | |
| Centro catalogador/agencia de origen | MFM |
| Lengua de catalogación | spa |
| Centro/agencia transcriptor | MFM |
| 041 ## - CÓDIGO DE LENGUA | |
| Código de lengua del texto/banda sonora o título independiente | lat |
| 084 ## - OTRO NÚMERO DE CLASIFICACIÓN | |
| Número de clasificación | BE24 |
| Número de documento/Ítem | .A58 1776 |
| 245 10 - MENCIÓN DE TÍTULO | |
| Título | Antonii Genuensis, in Regia Neapolitana Academia Philosophiae Professoris |
| Resto del título | elementorum artis logico-criticae libri V : quibus praeter quamplurima selectiora & clariora additamenta accedunt Institutiones methaphysicae. |
| 250 ## - MENCIÓN DE EDICIÓN | |
| Mención de edición | 10 |
| 260 ## - PUBLICACIÓN, DISTRIBUCIÓN, ETC. | |
| Lugar de publicación, distribución, etc. | Venecia |
| Nombre del editor, distribuidor, etc. | Apud Thomam Bettinelli |
| Fecha de publicación, distribución, etc. | 1776 |
| 300 ## - DESCRIPCIÓN FÍSICA | |
| Extensión | [14], 552 p. |
| Dimensiones | 18.5 x 12 cm. |
| 500 ## - NOTA GENERAL | |
| Nota general | Estado físico : presenta ataque de insectos |
| 500 ## - NOTA GENERAL | |
| Nota general | Libro en sala de exhibiciones artes decorativas 1, dentro del Museo Franz Mayer |
| 546 ## - NOTA DE LENGUA/LENGUAJE | |
| Nota de lengua/lenguaje | Texto en : latín |
| 600 14 - PUNTO DE ACCESO ADICIONAL DE MATERIA--NOMBRE DE PERSONA | |
| Nombre de persona | Genovesi, Antonio |
| Fechas asociadas al nombre | 1712-1769 |
| 9 (RLIN) | 21371 |
| 650 14 - PUNTO DE ACCESO ADICIONAL DE MATERIA--TÉRMINO DE MATERIA | |
| Término de materia o nombre geográfico como elemento de entrada | Lógica |
| Subdivisión cronológica | Obras anteriores a 1800 |
| 9 (RLIN) | 21372 |
| 700 1# - PUNTO DE ACCESO ADICIONAL--NOMBRE DE PERSONA | |
| Nombre de persona | Bettinelli, Tomas, (Venecia) |
| Término indicativo de función/relación | Impresor |
| 9 (RLIN) | 21373 |
| 902 ## - CATALOGADOR | |
| Iniciales | CFM |
| 942 ## - ELEMENTOS DE PUNTO DE ACCESO ADICIONAL (KOHA) | |
| Fuente del sistema de clasificación o colocación | Library of Congress Classification |
| Tipo de ítem Koha | Libros |
| Estado de retiro | Estado de pérdida | Fuente del sistema de clasificación o colocación | Estado dañado | No para préstamo | Código de colección | Localización permanente | Ubicación/localización actual | Fecha de adquisición | Fuente de adquisición | Total de préstamos | Signatura topográfica completa | Código de barras | Fecha visto por última vez | Precio válido a partir de | Tipo de ítem Koha |
|---|---|---|---|---|---|---|---|---|---|---|---|---|---|---|---|
| El ejemplar forma parte de la colección y puede ser consultado según las políticas vigentes. | Library of Congress Classification | Conventual Franz Mayer | Biblioteca del Museo Franz Mayer (Rogerio Casas-Alatriste) | Biblioteca del Museo Franz Mayer (Rogerio Casas-Alatriste) | 14/07/2016 | Donación | BE24 .A58 1776 | CFM00024 | 22/03/2019 | 22/03/2019 | Libros |